01934nam a2200325Ia 4500001000600000003000900006008004100015040001300056040001300069041001300082100002300095100002900118240004100147240003500188245002900223245002900252250001100281260001100292260001200303260004900315300005700364500086600421650001801287650003101305942000701336957000601343999001701349999000601366952023601372H1278IT-RoPAU130308s9999 xx 000 0 und d aIT-RoPAU cIT-RoPAU aITALIANO aFeynman Richard P. gCodice Aut. SPICS: 56629 aPLEASURE OF FINDING THINGS OUT (THE) gCodice Tit. Orig. Spics: T3311 aPiacere di scoprire (Il) bPiacere di Scoprire (Il) a1a ed. aMILANO bAdelphi c2002 [1° Ed.:2002 - Ed.Ling.Originale:1999] a"288 p. (prefazione: no ; testo: 288 [pagine: 0-0])" a"A cura di Jeffrey Robbins. Prefazione di Freeman J. Dyson: Sfiorando L'Idolatria. Il piacere di Scoprire. calcolatori del Futuro. los Alamos dal Basso. Qual è e Quale dovrebbe Essere Il ruolo della Cultura Scientifica Nellasocietà moderna. C'E' molto Spazio Là in Fondo. Valore della Scienza. Osservazioni Personali Sull'Affidabilità Dello Shuttle: Rooster a Propellente Solido (Srb); motori principali della Navetta (Ssme); Avionica. che Cos'E' la Scienza? l'uomo Piu' Intelligente del Mondo. Scienza del culto del Cargo: Osservazioni su Scienza, Pseudoscienza e su Come imparare a Non Autoingannarsi. Facile Come Uno, Due, Tre. Richard Feynman Costruisce un Universo.Relazione tra Scienza e Religione. Bibliografia. Questo Volume Contiene Perlopiu' Registrazioni di conferenze e interviste del premio Nobel per la Fisica nel 1965 Richard P. Feynman." aEPISTEMOLOGIA eCodice materia Spics: 3051 cBK 71 c87669d87669 g1 0010406H_000000000000000_127871aSPICSbSPICSd2013-03-08l0oH1278r2013-03-08 00:00:00w2013-03-08yBKzProgressivo inserimento: 1459 / N. Volumi: 1 Copie: 1 / data import: 1 marzo 2013 - By Epidotti, Trombetti, Vaglietti.